|
|
|
|
| LEADER |
01019nam a2200229 a 4500 |
| 001 |
00025891 |
| 008 |
120812s2012 enka b 001 0 eng d |
| 020 |
|
|
|a 9780194373647
|
| 040 |
|
|
|a BD-DhAAL
|c BD-DhAAL
|
| 082 |
0 |
4 |
|a 372.6521044
|2 22
|
| 100 |
1 |
|
|a McKay,Sandra Lee.
|
| 245 |
1 |
0 |
|a Teaching English as an international language :
|b rethinking goals and approaches /
|c Sandra Lee McKay.
|
| 260 |
|
|
|a Oxford :
|b Oxford University Press,
|c 2012
|
| 300 |
|
|
|a vi, 150 p. :
|b ill. ;
|c 25 cm.
|
| 490 |
1 |
|
|a Oxford handbooks for language teachers
|
| 500 |
|
|
|a Previously published: c2002.
|
| 504 |
|
|
|a Includes bibliographical references (p. [135]-145) and index.
|
| 541 |
|
|
|a 00025891
|
| 650 |
|
0 |
|a English language
|x Study and teaching (Elementary)
|x Foreign speakers.
|
| 852 |
1 |
|
|a Ayesha Abed Library
|j General shelf
|
| 999 |
|
|
|c 12757
|d 12757
|
| 952 |
|
|
|0 0
|1 0
|4 0
|6 372_652104400000000_MCK
|7 0
|9 21014
|a BRACUL
|b BRACUL
|c GEN
|d 2012-08-12
|e Karim International
|g 628.05
|l 5
|m 32
|o 372.6521044 MCK
|p 3010025891
|r 2019-11-06
|s 2019-11-03
|t 1
|w 2012-08-12
|y BK
|